000 00371 a2200097 4500
082 _a363.125 COU
100 _aCouncil, Forrest M.
245 _aTraffic Safety Information Systems International Scan: Strategy Implementation White Paper /
260 _aVienna :
_bU. S. Department of Transportation Federal Highway Administration,
_c2006
300 _avi, 55p. ;
_bill. ;
_c30 cm
650 _aTraffic Safety
999 _c2203
_d2203